000
00294nam a22001337a 4500
008
170606b xxu||||| |||| 00| 0 eng d
020
_a
9780300072808
041
_a
eng
080
_a
94(6)
100
_a
18
101
_a
SHH
245
_a
THE PEOPLONG OF AFRICA
_c
NEWMAN,J.L
942
_2
udc
_c
BK
999
_c
16107
_d
16107